Síťová analýza ve stavebnictví studijní texty

Na minha lista:
Detalhes bibliográficos
Autor principal: Blecha, Vladislav
Formato: Livro
Idioma:tcheco
Publicado em: Praha Dům techniky ČSVTS 1984
Tags: Adicionar Tag
Sem tags, seja o primeiro a adicionar uma tag!

MARC

LEADER 00000nam a2200000 4500
001 c110997
005 20221220090909.4
041 0 |a cze 
044 |a CZ 
245 1 0 |a Síťová analýza ve stavebnictví  |b studijní texty  |c Vladislav Blecha 
264 1 |a Praha  |b Dům techniky ČSVTS  |c 1984 
300 |a 82 s. 
100 1 |a Blecha, Vladislav